000 01037nam a2200277Ia 4500
003 OSt
005 20220918110951.0
006 a|||||r|||| 00| 0
007 ta
008 220915b |||||||| |||| 00| 0 hin d
020 _a817055280X (hbk)
_c200
024 _a256296
037 _b471, 23/02/2010, Vani Prakashan
_cReference Collections
040 _aARTS
_cARTS
_bhin
041 _2hin
_ahin
082 _aO152,3N295x, N3;P8.3(RR)
100 _aशिवप्रसाद सिंह
245 0 _aअमृता
246 _aAmṛutā
260 _aनई दिल्ली
_bवाणी प्रकाशन भारत
_c2008
300 _a186पृ0
490 _aशिवप्रसाद सिंह की संपूर्ण कहानियां; 3
650 _aहिन्दी साहित्य
942 _hO152,3N295x, N3;P8.3(RR)
_cREF
999 _c116078
_d116078